| 000 | 00649cam a2200205 a 4500 | ||
|---|---|---|---|
| 001 | 000012971 | ||
| 005 | 20200929163118.0 | ||
| 008 | 830115s1945 ve 000 0 spa d | ||
| 040 |
_aDO-SdBNP _cCU-L _dDLC _dBNPHU |
||
| 042 | _apremarc | ||
| 043 | _as-ve | ||
| 100 | 1 |
_aJiménez de Asúa, Luis, _d1889-1970. _929910 |
|
| 245 | 1 | 3 |
_aLa ley y el delito : _bcurso de dogmática penal / _cLuis Jiménez de Asúa. |
| 260 |
_aCaracas : _bAndrés Bello, _c1945. |
||
| 300 |
_a717 p. ; _c23 cm. |
||
| 650 | 0 |
_aCriminal law. _929911 |
|
| 600 | 2 | 0 |
_aJimenez de Asua, Luis, _d1889-1970 _vBibliography. _929912 |
| 910 | _aCatalogación derivada | ||
| 049 | _aBNGR | ||
| 999 |
_c12618 _d12618 |
||